00242nam a2200085 4500082001700000245009100017260000900108300000700117650003200124 a546.422 LEA aLeaching of Uranium and thorium from monazite;I.Initial Leaching/II.Elemental Leaching c1990 a22 aUraniumaThorioumaMonazite